[Event "DEN-ch"]
[Site "Elsinore"]
[Date "2013.03.28"]
[Round "6"]
[White "Akdag, Dara"]
[Black "Palo, Davor"]
[Result "1-0"]
[WhiteElo "2251"]
[BlackElo "2551"]
[PlyCount "123"]
[EventDate "2013.03.23"]
[EventType "tourn"]
[EventRounds "9"]
[EventCountry "DEN"]
[EventCategory "9"]
[Source "ChessBase"]
[SourceDate "2013.04.22"]

1. d4 Nf6 2. c4 e6 3. Nf3 b6 4. g3 Bb7 5. Bg2 c5 6. d5 exd5 7. cxd5 Bxd5 8. Nc3
Bc6 9. e4 Nxe4 10. Nxe4 Bxe4 11. Qe2 Qe7 12. O-O Nc6 13. Bf4 d5 14. Qb5 Qd7 15.
Bh3 f5 16. Rfe1 Ne5 17. Qxd7+ Nxd7 18. Nh4 Kf7 19. f3 Bd3 20. Nxf5 Nf6 21. Re3
c4 22. Nd6+ Bxd6 23. Bxd6 Rhe8 24. Rae1 Rxe3 25. Rxe3 Re8 26. Kf2 Bb1 27. a3 d4
28. Rxe8 Kxe8 29. Be5 d3 30. Bb8 a5 31. Bc7 Nd5 32. Be5 g6 33. Be6 Bc2 34. Ke1
Ne3 35. Bd4 Nf1 36. Bc3 Ne3 37. Kd2 Nf1+ 38. Ke1 Nxh2 39. Bd5 g5 40. g4 Ke7 41.
Kf2 Kd6 42. Be4 Bd1 43. Kg2 Nxg4 44. fxg4 Bxg4 45. Bxh7 Be6 46. Kf3 Kc5 47. Bg6
Bd7 48. Ke3 g4 49. Bf7 g3 50. Bd4+ Kb5 51. Bd5 Bc6 52. a4+ Kxa4 53. Bxc6+ b5
54. Kd2 Kb4 55. Be5 Kb3 56. Bxb5 g2 57. Bd4 a4 58. Kc1 c3 59. Bxa4+ Kxa4 60.
bxc3 Kb3 61. Kd2 Kc4 62. Bg1 1-0

[Event "DEN-ch"]
[Site "Elsinore"]
[Date "2013.03.27"]
[Round "5"]
[White "Akdag, Dara"]
[Black "Kristiansen, Jens"]
[Result "1-0"]
[WhiteElo "2251"]
[BlackElo "2439"]
[PlyCount "83"]
[EventDate "2013.03.23"]
[EventType "tourn"]
[EventRounds "9"]
[EventCountry "DEN"]
[EventCategory "9"]
[Source "ChessBase"]
[SourceDate "2013.04.22"]

1. d4 Nf6 2. c4 g6 3. Nc3 Bg7 4. e4 d6 5. Nf3 O-O 6. Be2 e5 7. O-O Nc6 8. d5
Ne7 9. b4 c6 10. Be3 Nh5 11. Nd2 Nf4 12. f3 f5 13. Re1 Kh8 14. Nb3 cxd5 15.
cxd5 fxe4 16. fxe4 Ng8 17. Bf3 Nf6 18. Kh1 h5 19. Rc1 a6 20. Na5 Ng4 21. Bg1 g5
22. Bxg4 Bxg4 23. Qd2 Nxg2 24. Kxg2 Bf3+ 25. Kf1 Qd7 26. Re2 Qh3+ 27. Ke1 Bxe4
28. Qe3 Bf3 29. Kd2 Rf4 30. Qb6 Bxe2 31. Nxe2 Rf3 32. Rc7 Raf8 33. Be3 Qf5 34.
Nc4 Qb1 35. Nc3 Qf1 36. Ne2 e4 37. Rxg7 Kxg7 38. Qxd6 Qb1 39. Qe7+ R8f7 40.
Qxg5+ Kf8 41. Bc5+ Ke8 42. Qe5+ 1-0

[Event "DEN-ch"]
[Site "Elsinore"]
[Date "2013.03.30"]
[Round "8"]
[White "Akdag, Dara"]
[Black "Schandorff, Lars"]
[Result "0-1"]
[WhiteElo "2251"]
[BlackElo "2513"]
[PlyCount "76"]
[EventDate "2013.03.23"]
[EventType "tourn"]
[EventRounds "9"]
[EventCountry "DEN"]
[EventCategory "9"]
[Source "ChessBase"]
[SourceDate "2013.04.22"]

1. d4 d5 2. c4 c6 3. Nc3 Nf6 4. Nf3 e6 5. e3 Nbd7 6. Bd3 dxc4 7. Bxc4 b5 8. Be2
Bb7 9. O-O b4 10. Na4 c5 11. dxc5 Bxc5 12. Nxc5 Nxc5 13. Bb5+ Ke7 14. Bd2 a5
15. a3 Nce4 16. Be1 Qxd1 17. Rxd1 Nd6 18. Be2 bxa3 19. bxa3 Rhc8 20. Nd4 Ba6
21. Bxa6 Rxa6 22. Rd3 e5 23. Nb3 Nc4 24. f3 Ne8 25. Rf2 Ned6 26. Ra2 f5 27. Kf2
Ke6 28. Nd2 Nxd2 29. Bxd2 Nc4 30. Rc3 Rac6 31. Rac2 a4 32. Ke2 e4 33. Rc1 Ne5
34. Rxc6+ Rxc6 35. Rb1 Rc2 36. fxe4 fxe4 37. Rb6+ Kd7 38. Kd1 Rxd2+ 0-1

[Event "DEN-ch"]
[Site "Elsinore"]
[Date "2013.03.25"]
[Round "3"]
[White "Akdag, Dara"]
[Black "Andersen, Mads"]
[Result "0-1"]
[WhiteElo "2251"]
[BlackElo "2470"]
[PlyCount "68"]
[EventDate "2013.03.23"]
[EventType "tourn"]
[EventRounds "9"]
[EventCountry "DEN"]
[EventCategory "9"]
[Source "ChessBase"]
[SourceDate "2013.04.22"]

1. d4 d5 2. c4 c6 3. Nc3 Nf6 4. Nf3 e6 5. Bg5 h6 6. Bxf6 Qxf6 7. e3 g6 8. Bd3
Bg7 9. e4 dxe4 10. Nxe4 Qd8 11. c5 O-O 12. Nd6 Nd7 13. O-O e5 14. Nxe5 Nxe5 15.
dxe5 Bxe5 16. Bc4 Qf6 17. Qd2 b5 18. Bb3 Bxb2 19. Rad1 Be5 20. f4 Bxd6 21. Qxd6
Qxd6 22. Rxd6 Bf5 23. g4 Be4 24. f5 Kg7 25. Rf4 Rae8 26. Rd7 g5 27. Rf2 a5 28.
a4 bxa4 29. Bc4 Rd8 30. f6+ Kh7 31. Re7 Bd5 32. Bd3+ Kg8 33. h4 a3 34. hxg5 a2
0-1

[Event "DEN-ch"]
[Site "Elsinore"]
[Date "2013.03.26"]
[Round "4"]
[White "Andersen, Mads"]
[Black "Palo, Davor"]
[Result "1/2-1/2"]
[WhiteElo "2470"]
[BlackElo "2551"]
[PlyCount "25"]
[EventDate "2013.03.23"]
[EventType "tourn"]
[EventRounds "9"]
[EventCountry "DEN"]
[EventCategory "9"]
[Source "ChessBase"]
[SourceDate "2013.04.22"]

1. e4 e5 2. Nf3 Nc6 3. Bb5 Nf6 4. O-O Nxe4 5. Re1 Nd6 6. Nxe5 Nxe5 7. Rxe5+ Be7
8. Bf1 O-O 9. d4 Bf6 10. Re1 Re8 11. c3 Rxe1 12. Qxe1 Ne8 13. Bf4 1/2-1/2

[Event "DEN-ch"]
[Site "Elsinore"]
[Date "2013.03.30"]
[Round "8"]
[White "Andersen, Mads"]
[Black "Antonsen, Mikkel"]
[Result "1-0"]
[WhiteElo "2470"]
[BlackElo "2446"]
[PlyCount "81"]
[EventDate "2013.03.23"]
[EventType "tourn"]
[EventRounds "9"]
[EventCountry "DEN"]
[EventCategory "9"]
[Source "ChessBase"]
[SourceDate "2013.04.22"]

1. d4 d5 2. c4 e6 3. Nf3 Nf6 4. g3 Be7 5. Bg2 O-O 6. O-O dxc4 7. Ne5 Nc6 8.
Bxc6 bxc6 9. Nxc6 Qe8 10. Nxe7+ Qxe7 11. Qc2 e5 12. Rd1 Bb7 13. Qxc4 Qd7 14. f3
e4 15. Rf1 a5 16. Qc5 exf3 17. exf3 Ba6 18. Rf2 Rfe8 19. Bd2 Rab8 20. Qxa5 Qxd4
21. Qxa6 Rxb2 22. Qf1 Nd5 23. a4 Ne3 24. Bxe3 Rxe3 25. Nd2 Rd3 26. Ne4 f5 27.
Re1 fxe4 28. Rxe4 Qxf2+ 29. Qxf2 Rxf2 30. Kxf2 Ra3 31. Rf4 h6 32. h4 g6 33. Ke2
Kg7 34. g4 c5 35. g5 hxg5 36. hxg5 Ra2+ 37. Kd3 Rg2 38. Kc4 Rxg5 39. a5 Re5 40.
a6 Re1 41. Kxc5 1-0

[Event "DEN-ch"]
[Site "Elsinore"]
[Date "2013.03.28"]
[Round "6"]
[White "Andersen, Mads"]
[Black "Schandorff, Lars"]
[Result "1/2-1/2"]
[WhiteElo "2470"]
[BlackElo "2513"]
[PlyCount "75"]
[EventDate "2013.03.23"]
[EventType "tourn"]
[EventRounds "9"]
[EventCountry "DEN"]
[EventCategory "9"]
[Source "ChessBase"]
[SourceDate "2013.04.22"]

1. d4 d5 2. c4 c6 3. Nf3 Nf6 4. Qc2 g6 5. Bf4 Bg7 6. e3 O-O 7. Nc3 c5 8. dxc5
Qa5 9. Rc1 dxc4 10. Bxc4 Qxc5 11. Bb3 Nc6 12. O-O Qh5 13. Qe2 Bg4 14. h3 Bxf3
15. Qxf3 Qxf3 16. gxf3 Rfd8 17. Rfd1 e6 18. Ba4 Rxd1+ 19. Rxd1 Rd8 20. Rxd8+
Nxd8 21. e4 Nc6 22. Be3 a6 23. f4 Nd7 24. e5 f6 25. exf6 Bxf6 26. Kf1 Kf8 27.
Ke2 b5 28. Bd1 Ke7 29. Kd2 Bg7 30. Bf3 Nd4 31. Bg2 Nf5 32. b4 Nxe3 33. fxe3 Kd8
34. Ne4 h6 35. Kd3 Kc7 36. Nc5 Nxc5+ 37. bxc5 g5 38. fxg5 1/2-1/2

[Event "DEN-ch"]
[Site "Elsinore"]
[Date "2013.03.23"]
[Round "1"]
[White "Andersen, Mads"]
[Black "Kristiansen, Jens"]
[Result "0-1"]
[WhiteElo "2470"]
[BlackElo "2439"]
[PlyCount "82"]
[EventDate "2013.03.23"]
[EventType "tourn"]
[EventRounds "9"]
[EventCountry "DEN"]
[EventCategory "9"]
[Source "ChessBase"]
[SourceDate "2013.04.22"]

1. d4 Nf6 2. c4 g6 3. Nc3 Bg7 4. e4 d6 5. Nf3 O-O 6. Be2 e5 7. O-O Nc6 8. Be3
Ng4 9. Bg5 f6 10. Bc1 f5 11. Bg5 Qd7 12. d5 Nd8 13. Nd2 Nf7 14. Bh4 Nf6 15. f3
Nh5 16. Bf2 Qe7 17. Re1 Nf4 18. Bf1 Ng5 19. Rc1 Bh6 20. Kh1 Bd7 21. Be3 Qg7 22.
c5 Nf7 23. Nb5 Bxb5 24. Bxb5 a6 25. Bf1 Nh5 26. Bxh6 Qxh6 27. cxd6 cxd6 28. Rc7
Ng5 29. Kg1 Rf7 30. Rxf7 Nxf7 31. Nc4 Rc8 32. Na5 fxe4 33. fxe4 Rc7 34. Qd3 Qg5
35. Qe3 Nf4 36. g3 Rc2 37. Qb3 Nh3+ 38. Kh1 Qd2 39. Re2 Qd1 40. Qf3 Nfg5 41.
Qg2 Rc1 0-1

[Event "DEN-ch"]
[Site "Elsinore"]
[Date "2013.03.24"]
[Round "2"]
[White "Andersen, Mads"]
[Black "Rasmussen, Allan Stig"]
[Result "1/2-1/2"]
[WhiteElo "2470"]
[BlackElo "2511"]
[PlyCount "73"]
[EventDate "2013.03.23"]
[EventType "tourn"]
[EventRounds "9"]
[EventCountry "DEN"]
[EventCategory "9"]
[Source "ChessBase"]
[SourceDate "2013.04.22"]

1. c4 e5 2. Nc3 Nf6 3. Nf3 Nc6 4. g3 Nd4 5. Bg2 Nxf3+ 6. Bxf3 Bc5 7. O-O O-O 8.
e3 d6 9. d4 Bb6 10. b4 c6 11. a4 a6 12. Ba3 Bh3 13. Re1 Re8 14. dxe5 dxe5 15.
c5 Bc7 16. e4 b6 17. Qc2 bxc5 18. bxc5 Nd7 19. Red1 Qf6 20. Bg2 Bxg2 21. Kxg2
Nf8 22. Ne2 Ne6 23. Rd7 Re7 24. Rxe7 Qxe7 25. Rd1 Rd8 26. Rxd8+ Qxd8 27. Qc4
Qc8 28. Bc1 Qb7 29. Be3 h5 30. h4 a5 31. Nc1 Qb1 32. Nb3 Qd1 33. Bd2 g6 34. Qd3
Bd8 35. Qc4 Bc7 36. Qd3 Bd8 37. Qc4 1/2-1/2

[Event "DEN-ch"]
[Site "Elsinore"]
[Date "2013.03.24"]
[Round "2"]
[White "Antonsen, Mikkel"]
[Black "Palo, Davor"]
[Result "0-1"]
[WhiteElo "2446"]
[BlackElo "2551"]
[PlyCount "80"]
[EventDate "2013.03.23"]
[EventType "tourn"]
[EventRounds "9"]
[EventCountry "DEN"]
[EventCategory "9"]
[Source "ChessBase"]
[SourceDate "2013.04.22"]

1. d4 Nf6 2. c4 e6 3. Nc3 Bb4 4. Qc2 O-O 5. Nf3 c5 6. dxc5 Na6 7. g3 Nxc5 8.
Bg2 Nce4 9. O-O Nxc3 10. bxc3 Be7 11. e4 d6 12. e5 dxe5 13. Nxe5 Qc7 14. Qe2
Bd6 15. Bf4 Ne8 16. Rab1 f6 17. Nd3 Qxc4 18. Bxb7 Bxb7 19. Rxb7 e5 20. Be3 Rf7
21. Rfb1 Rxb7 22. Rxb7 a5 23. Qc2 Rc8 24. Bd2 Bf8 25. Ra7 Rd8 26. Nc1 Bc5 27.
Rxa5 Bb6 28. Ra3 Bxf2+ 29. Kxf2 Qc5+ 30. Be3 Qxa3 31. Qb3+ Qxb3 32. axb3 Kf7
33. c4 Ke6 34. Ke2 Nd6 35. g4 Ne4 36. b4 Nc3+ 37. Kf3 Rc8 38. Bc5 Na4 39. Nb3
Nxc5 40. Nxc5+ Rxc5 0-1

[Event "DEN-ch"]
[Site "Elsinore"]
[Date "2013.03.26"]
[Round "4"]
[White "Antonsen, Mikkel"]
[Black "Schandorff, Lars"]
[Result "1/2-1/2"]
[WhiteElo "2446"]
[BlackElo "2513"]
[PlyCount "151"]
[EventDate "2013.03.23"]
[EventType "tourn"]
[EventRounds "9"]
[EventCountry "DEN"]
[EventCategory "9"]
[Source "ChessBase"]
[SourceDate "2013.04.22"]

1. d4 d5 2. c4 c6 3. Nf3 Nf6 4. e3 Bg4 5. h3 Bh5 6. Nc3 e6 7. g4 Bg6 8. Ne5
Nbd7 9. Nxg6 hxg6 10. Bd2 g5 11. Qf3 Bd6 12. h4 gxh4 13. g5 Ne4 14. Nxe4 dxe4
15. Qg4 Be7 16. Rxh4 Rxh4 17. Qxh4 Bxg5 18. Qh8+ Ke7 19. Qh5 Kf8 20. Qh7 a5 21.
Qxe4 Qf6 22. Bd3 g6 23. O-O-O Kg8 24. f4 Bh6 25. Bc3 Bg7 26. Qg2 Qe7 27. Rh1 a4
28. a3 Rd8 29. Qh3 c5 30. d5 Bxc3 31. bxc3 Qf6 32. Kc2 Nf8 33. Be4 b6 34. dxe6
fxe6 35. Rg1 Rd7 36. Qg2 Kg7 37. Bd3 Re7 38. Qe4 Kf7 39. Rg5 Qh8 40. Qc6 Qh2+
41. Rg2 Qh3 42. Re2 Rd7 43. Qg2 Qh4 44. Rd2 Kg7 45. Rd1 Qf6 46. Rg1 Re7 47. Rh1
Kf7 48. Be4 Kg7 49. Qh2 Kg8 50. Qg3 Kf7 51. Rb1 Rd7 52. Rg1 Kg7 53. Qg2 Kf7 54.
Qh2 Kg8 55. Qg2 Kf7 56. Bd3 Kg7 57. Qc6 e5 58. Rxg6+ Nxg6 59. Qxd7+ Ne7 60.
Qg4+ Kf8 61. Be4 exf4 62. exf4 Qh6 63. Qg3 Qh5 64. Qd3 Qh2+ 65. Qd2 Qxd2+ 66.
Kxd2 Nc8 67. Bc6 Nd6 68. Kd3 Ke7 69. Bxa4 Ke6 70. Bb5 Kf5 71. Ke3 Ke6 72. a4
Nf5+ 73. Kf3 Nd6 74. Kg4 Kf6 75. Kf3 Ke6 76. Ke3 1/2-1/2

[Event "DEN-ch"]
[Site "Elsinore"]
[Date "2013.03.31"]
[Round "9"]
[White "Antonsen, Mikkel"]
[Black "Rasmussen, Allan Stig"]
[Result "1-0"]
[WhiteElo "2446"]
[BlackElo "2511"]
[PlyCount "87"]
[EventDate "2013.03.23"]
[EventType "tourn"]
[EventRounds "9"]
[EventCountry "DEN"]
[EventCategory "9"]
[Source "ChessBase"]
[SourceDate "2013.04.22"]

1. d4 Nf6 2. c4 e6 3. Nc3 Bb4 4. Qc2 c5 5. dxc5 Bxc5 6. Nf3 b6 7. Bf4 O-O 8.
Rd1 Bb7 9. e4 Nh5 10. Bc1 f5 11. Bd3 Nc6 12. a3 Nd4 13. Nxd4 Bxd4 14. Be2 Bxc3+
15. Qxc3 Qh4 16. Rxd7 Bc6 17. Rc7 Rfc8 18. Rxc8+ Rxc8 19. Qe5 Re8 20. O-O Bxe4
21. f3 Bb7 22. Rd1 Qe7 23. b4 Nf6 24. Bb2 Rc8 25. Rd6 Kf7 26. Bd1 Ba6 27. c5
Ne8 28. Ba4 b5 29. Bb3 Nxd6 30. cxd6 Qf6 31. Qe3 Qh6 32. Qxa7+ Kg6 33. f4 Rg8
34. Bxe6 Qh4 35. Qe3 Rf8 36. d7 Bb7 37. h3 Bc6 38. Kh2 Kh6 39. Bd4 Rd8 40. Bxf5
Bxd7 41. Bxd7 Rxd7 42. Qe6+ g6 43. Qxd7 Qxf4+ 44. Kh1 1-0

[Event "DEN-ch"]
[Site "Elsinore"]
[Date "2013.03.29"]
[Round "7"]
[White "Antonsen, Mikkel"]
[Black "Hansen, Sune Berg"]
[Result "1/2-1/2"]
[WhiteElo "2446"]
[BlackElo "2566"]
[PlyCount "150"]
[EventDate "2013.03.23"]
[EventType "tourn"]
[EventRounds "9"]
[EventCountry "DEN"]
[EventCategory "9"]
[Source "ChessBase"]
[SourceDate "2013.04.22"]

1. d4 d5 2. c4 e6 3. Nc3 c6 4. Nf3 Nf6 5. e3 Nbd7 6. Qc2 Bd6 7. Bd3 O-O 8. O-O
dxc4 9. Bxc4 e5 10. Bb3 h6 11. Ne4 Nxe4 12. Qxe4 Nf6 13. Qc2 exd4 14. exd4 Nd5
15. Bxd5 cxd5 16. Ne5 Qb6 17. Rd1 Be6 18. Bf4 Rac8 19. Qb3 Qxb3 20. axb3 a6 21.
Rdc1 g5 22. Bg3 Rxc1+ 23. Rxc1 Rc8 24. Rxc8+ Bxc8 25. Ng4 Be7 26. Ne3 Be6 27.
Bc7 h5 28. Kf1 Kf8 29. f4 gxf4 30. Bxf4 Ke8 31. Ke2 Kd7 32. Kf3 Bf6 33. Be5
Bxe5 34. dxe5 d4 35. Nc2 Bd5+ 36. Ke2 Ke6 37. Nxd4+ Kxe5 38. Nf3+ Kf4 39. b4
Ke4 40. Kd2 f6 41. Ne1 Bb3 42. Nd3 b6 43. Nf2+ Kd4 44. Nh1 Bf7 45. Ng3 Bg6 46.
b3 Bf7 47. Ne2+ Ke5 48. Kc2 Bd5 49. g3 Kf5 50. h3 Kg5 51. Nf4 Bf7 52. Kc3 Kf5
53. Kd4 h4 54. Ne2 Bxb3 55. gxh4 Bf7 56. Ng3+ Ke6 57. h5 f5 58. h6 Bg8 59. Nh5
Kf7 60. Nf4 Kf6 61. h4 Ba2 62. Ke3 Bf7 63. Kd4 Bg8 64. Ke3 a5 65. bxa5 bxa5 66.
Kd4 a4 67. Kc3 a3 68. h7 Bxh7 69. Kb3 Ke5 70. Nh3 Bg8+ 71. Kxa3 Ke4 72. Kb4 Kf3
73. Kc3 Kg3 74. Ng1 Bf7 75. Ne2+ Kxh4 1/2-1/2

[Event "DEN-ch"]
[Site "Elsinore"]
[Date "2013.03.26"]
[Round "4"]
[White "Hansen, Sune Berg"]
[Black "Ziska, Helgi Dam"]
[Result "1/2-1/2"]
[WhiteElo "2566"]
[BlackElo "2461"]
[PlyCount "63"]
[EventDate "2013.03.23"]
[EventType "tourn"]
[EventRounds "9"]
[EventCountry "DEN"]
[EventCategory "9"]
[Source "ChessBase"]
[SourceDate "2013.04.22"]

1. Nf3 Nf6 2. g3 g6 3. b3 Bg7 4. Bb2 O-O 5. Bg2 d6 6. d4 c5 7. O-O cxd4 8. Nxd4
d5 9. c4 dxc4 10. Na3 cxb3 11. Qxb3 Nc6 12. Rfd1 Nxd4 13. Bxd4 Qa5 14. Nc4 Qh5
15. Ne5 Qxe2 16. Re1 Qh5 17. Nxf7 e6 18. Re5 g5 19. Nxg5 Ng4 20. Nxe6 Qxh2+ 21.
Kf1 Nxe5 22. Nxg7+ Nf7 23. Ne6 Bxe6 24. Qxe6 Qh6 25. Qb3 Rad8 26. Rd1 Rd7 27.
Bc3 Rxd1+ 28. Qxd1 Rd8 29. Qg4+ Qg6 30. Qxg6+ hxg6 31. Bxb7 Nd6 32. Bd5+
1/2-1/2

[Event "DEN-ch"]
[Site "Elsinore"]
[Date "2013.03.28"]
[Round "6"]
[White "Hansen, Sune Berg"]
[Black "Pedersen, Christian Kyndel"]
[Result "1-0"]
[WhiteElo "2566"]
[BlackElo "2443"]
[PlyCount "77"]
[EventDate "2013.03.23"]
[EventType "tourn"]
[EventRounds "9"]
[EventCountry "DEN"]
[EventCategory "9"]
[Source "ChessBase"]
[SourceDate "2013.04.22"]

1. d4 Nf6 2. Nf3 e6 3. c4 b6 4. Bf4 Bb7 5. e3 Be7 6. Nc3 Nh5 7. Bd3 d6 8. Qe2
Nd7 9. O-O-O c5 10. d5 exd5 11. cxd5 a6 12. g4 Nhf6 13. e4 Nxg4 14. Rhg1 Nge5
15. Bxe5 Nxe5 16. Nxe5 dxe5 17. Rxg7 Bg5+ 18. f4 Bxf4+ 19. Kb1 Qf6 20. Rg2 Kf8
21. d6 Rg8 22. Rxg8+ Kxg8 23. Qg4+ Qg7 24. Qd7 f6 25. Bc4+ Kf8 26. Qe6 Be3 27.
Bd5 Bg5 28. d7 Bxd5 29. Nxd5 Rd8 30. Qd6+ Kg8 31. Ne7+ Kh8 32. Nc6 f5 33. Nxd8
Bxd8 34. Qe6 Qg4 35. Qxe5+ Kg8 36. Qd5+ Kg7 37. exf5 Kf6 38. Qe6+ Kg5 39. Qg8+
1-0

[Event "DEN-ch"]
[Site "Elsinore"]
[Date "2013.03.24"]
[Round "2"]
[White "Hansen, Sune Berg"]
[Black "Akdag, Dara"]
[Result "1-0"]
[WhiteElo "2566"]
[BlackElo "2251"]
[PlyCount "67"]
[EventDate "2013.03.23"]
[EventType "tourn"]
[EventRounds "9"]
[EventCountry "DEN"]
[EventCategory "9"]
[Source "ChessBase"]
[SourceDate "2013.04.22"]

1. Nf3 c5 2. g3 Nf6 3. Bg2 Nc6 4. O-O d5 5. d3 e5 6. Na3 Be7 7. e4 d4 8. Nc4
Qc7 9. a4 O-O 10. Nh4 Re8 11. f4 Nd7 12. Nf3 Bf8 13. f5 b6 14. g4 a6 15. g5 Rb8
16. b3 b5 17. Nb2 Na5 18. Bd2 c4 19. dxc4 bxc4 20. Bxa5 Qxa5 21. Nxc4 Qc5 22.
Kh1 Nb6 23. Nb2 a5 24. Nd3 Qc7 25. g6 hxg6 26. fxg6 fxg6 27. Nh4 Kh7 28. Qf3
Qd6 29. Qg3 Nd7 30. Bh3 Bb7 31. Rae1 Nf6 32. Qxg6+ Kg8 33. Bg2 Qc7 34. Rxf6 1-0

[Event "DEN-ch"]
[Site "Elsinore"]
[Date "2013.03.24"]
[Round "2"]
[White "Kristiansen, Jens"]
[Black "Schandorff, Lars"]
[Result "1/2-1/2"]
[WhiteElo "2439"]
[BlackElo "2513"]
[PlyCount "95"]
[EventDate "2013.03.23"]
[EventType "tourn"]
[EventRounds "9"]
[EventCountry "DEN"]
[EventCategory "9"]
[Source "ChessBase"]
[SourceDate "2013.04.22"]

1. e4 c6 2. d4 d5 3. e5 Bf5 4. c4 e6 5. Nc3 Ne7 6. Nge2 Nd7 7. Ng3 Bg6 8. h4 h5
9. Bg5 f6 10. exf6 gxf6 11. Be3 dxc4 12. Bxc4 Nd5 13. Nxd5 cxd5 14. Be2 Bb4+
15. Kf1 Qe7 16. Bxh5 Bxh5 17. Nxh5 O-O-O 18. Nf4 Nf8 19. g3 Kb8 20. Qb3 Bd6 21.
Re1 Qf7 22. Bd2 Bc7 23. Nd3 Bb6 24. Qb4 Ka8 25. Kg2 Re8 26. Be3 Ng6 27. Nf4 Ne7
28. h5 Bc7 29. Qa4 Bxf4 30. Bxf4 Nc6 31. h6 e5 32. Be3 a6 33. Qd1 exd4 34. Bf4
Re4 35. f3 Rxf4 36. gxf4 Qg6+ 37. Kf2 Rxh6 38. Qb1 f5 39. Rxh6 Qxh6 40. Qxf5
Qh2+ 41. Kf1 Qh1+ 42. Ke2 Qg2+ 43. Kd1 Qxf3+ 44. Kd2 Ka7 45. Qf8 Kb6 46. Qf5
Ka7 47. Qf8 Kb6 48. Qf5 1/2-1/2

[Event "DEN-ch"]
[Site "Elsinore"]
[Date "2013.03.28"]
[Round "6"]
[White "Kristiansen, Jens"]
[Black "Antonsen, Mikkel"]
[Result "0-1"]
[WhiteElo "2439"]
[BlackElo "2446"]
[PlyCount "74"]
[EventDate "2013.03.23"]
[EventType "tourn"]
[EventRounds "9"]
[EventCountry "DEN"]
[EventCategory "9"]
[Source "ChessBase"]
[SourceDate "2013.04.22"]

1. e4 e5 2. Bc4 Nf6 3. d3 c6 4. Nf3 d5 5. Bb3 Bb4+ 6. Bd2 Bxd2+ 7. Nbxd2 Bg4 8.
h3 Bxf3 9. Qxf3 O-O 10. O-O Qd6 11. Rfe1 a5 12. a3 Nbd7 13. Nf1 a4 14. Ba2 d4
15. Ng3 g6 16. Qd1 h5 17. Qd2 h4 18. Ne2 Nh5 19. Qh6 Qf6 20. Rf1 Nf4 21. Nxf4
exf4 22. g3 f3 23. Qxh4 g5 24. Qg4 Ne5 25. Qf5 Kg7 26. c3 c5 27. cxd4 cxd4 28.
Rac1 Rh8 29. h4 gxh4 30. g4 Qxf5 31. gxf5 Rac8 32. Bc4 Kf6 33. Kh1 Rhg8 34. Rg1
Rxg1+ 35. Rxg1 Nxc4 36. dxc4 Rxc4 37. Kh2 Rc2 0-1

[Event "DEN-ch"]
[Site "Elsinore"]
[Date "2013.03.30"]
[Round "8"]
[White "Kristiansen, Jens"]
[Black "Hansen, Sune Berg"]
[Result "1-0"]
[WhiteElo "2439"]
[BlackElo "2566"]
[PlyCount "75"]
[EventDate "2013.03.23"]
[EventType "tourn"]
[EventRounds "9"]
[EventCountry "DEN"]
[EventCategory "9"]
[Source "ChessBase"]
[SourceDate "2013.04.22"]

1. d4 d5 2. c4 c6 3. Nf3 Nf6 4. Nc3 a6 5. Ne5 e6 6. e3 Nbd7 7. f4 c5 8. cxd5
Nxd5 9. Bc4 N7b6 10. Bb3 Be7 11. O-O O-O 12. e4 Nxc3 13. bxc3 f6 14. Nf3 Qc7
15. Qe2 c4 16. Bc2 Bd7 17. a4 a5 18. Nh4 f5 19. exf5 Bxh4 20. fxe6 Be8 21. Qe4
g6 22. f5 Bf6 23. Ba3 Bc6 24. Qg4 g5 25. Bxf8 Rxf8 26. Be4 Nxa4 27. Bxc6 Qxc6
28. h4 Nxc3 29. hxg5 Bxd4+ 30. Kh1 Ne4 31. Rad1 Qd5 32. e7 Qe5 33. exf8=Q+ Kxf8
34. Rf4 Nf2+ 35. Rxf2 Bxf2 36. Qxc4 Bb6 37. Qc8+ Qe8 38. Qxe8+ 1-0

[Event "DEN-ch"]
[Site "Elsinore"]
[Date "2013.03.26"]
[Round "4"]
[White "Kristiansen, Jens"]
[Black "Pedersen, Christian Kyndel"]
[Result "0-1"]
[WhiteElo "2439"]
[BlackElo "2443"]
[PlyCount "88"]
[EventDate "2013.03.23"]
[EventType "tourn"]
[EventRounds "9"]
[EventCountry "DEN"]
[EventCategory "9"]
[Source "ChessBase"]
[SourceDate "2013.04.22"]

1. e4 e5 2. Bc4 Nc6 3. Nc3 Nf6 4. d3 Na5 5. Nge2 Bc5 6. O-O d6 7. Bg5 Nxc4 8.
dxc4 Be6 9. b3 h6 10. Be3 Bxe3 11. fxe3 Ng4 12. Rf3 O-O 13. h3 Nf6 14. Ng3 g6
15. Qd2 Nh7 16. Raf1 Qh4 17. Qf2 c6 18. Nge2 Qxf2+ 19. R3xf2 Rfd8 20. Rd1 Kf8
21. Nc1 Ke7 22. Rfd2 b6 23. Nd3 h5 24. a4 a5 25. Ne1 h4 26. Nf3 g5 27. Kf2 Rd7
28. Nh2 Rf8 29. Ke2 Nf6 30. Nf3 Rg8 31. Kf2 Nh5 32. Ne2 Nf6 33. Nc3 Nh5 34. Ne2
f6 35. Nh2 Bf7 36. Ng4 Bg6 37. Nh6 Rgd8 38. Nf5+ Ke6 39. g4 hxg3+ 40. Nexg3
Nxg3 41. Nxg3 d5 42. exd5+ cxd5 43. cxd5+ Rxd5 44. Nf1 Bxc2 0-1

[Event "DEN-ch"]
[Site "Elsinore"]
[Date "2013.03.25"]
[Round "3"]
[White "Palo, Davor"]
[Black "Hansen, Sune Berg"]
[Result "1-0"]
[WhiteElo "2551"]
[BlackElo "2566"]
[PlyCount "83"]
[EventDate "2013.03.23"]
[EventType "tourn"]
[EventRounds "9"]
[EventCountry "DEN"]
[EventCategory "9"]
[Source "ChessBase"]
[SourceDate "2013.04.22"]

1. d4 d5 2. c4 c6 3. cxd5 cxd5 4. Nc3 Nf6 5. Bf4 Nc6 6. e3 e6 7. Bd3 Be7 8. Nf3
Nh5 9. Be5 Nf6 10. Bg3 Nh5 11. Be5 Nf6 12. O-O O-O 13. Rc1 Nxe5 14. dxe5 Nd7
15. Qc2 g6 16. Rfd1 Qa5 17. a3 a6 18. h4 Kg7 19. h5 Qc7 20. Qa4 Nc5 21. Qf4
Nxd3 22. Rxd3 Bd7 23. e4 Rac8 24. exd5 exd5 25. Rcd1 Be6 26. Nxd5 Bxd5 27. Rxd5
Rcd8 28. Ng5 Rxd5 29. Rxd5 Qc6 30. h6+ Kg8 31. Rd1 f6 32. Ne4 fxe5 33. Qxe5 Rf7
34. g3 Qc8 35. Qd5 Qf5 36. Qxb7 Bxa3 37. Rd8+ Bf8 38. Qa8 Qe5 39. Re8 Qd4 40.
Qxa6 Qxb2 41. Qc4 Qb6 42. Qd5 1-0

[Event "DEN-ch"]
[Site "Elsinore"]
[Date "2013.03.29"]
[Round "7"]
[White "Palo, Davor"]
[Black "Kristiansen, Jens"]
[Result "1-0"]
[WhiteElo "2551"]
[BlackElo "2439"]
[PlyCount "143"]
[EventDate "2013.03.23"]
[EventType "tourn"]
[EventRounds "9"]
[EventCountry "DEN"]
[EventCategory "9"]
[Source "ChessBase"]
[SourceDate "2013.04.22"]

1. d4 Nf6 2. c4 g6 3. Nc3 Bg7 4. e4 d6 5. f3 O-O 6. Nge2 c6 7. Be3 a6 8. c5
Nbd7 9. Qd2 b6 10. cxb6 Nxb6 11. b3 a5 12. Rc1 Bb7 13. Nd1 Nbd7 14. Nf2 e5 15.
dxe5 Nxe5 16. Nc3 d5 17. Be2 dxe4 18. Nfxe4 Nxe4 19. Nxe4 Qxd2+ 20. Bxd2 a4 21.
bxa4 Rxa4 22. Nc5 Rxa2 23. Nxb7 Rb8 24. Nc5 Rbb2 25. Ne4 f5 26. Nc3 Rxd2 27.
Nxa2 Rxa2 28. f4 Nf7 29. Rxc6 Ra1+ 30. Bd1 Bf8 31. O-O Rb1 32. Be2 Rxf1+ 33.
Kxf1 Nd6 34. g3 Kf7 35. Kg2 Be7 36. Bd1 Ne4 37. Bb3+ Kg7 38. Rc7 Kf8 39. Rc8+
Kg7 40. Rg8+ Kf6 41. Bd5 Nc3 42. Bf3 Nb5 43. h3 h5 44. Bc6 Nd6 45. Be8 Nxe8 46.
Rxe8 Kf7 47. Ra8 Bc5 48. Kf3 Bd4 49. Ra6 Bc5 50. Rc6 Bd4 51. Rc4 Bb6 52. h4 Kg7
53. Ke2 Kf7 54. Rc3 Bd4 55. Rd3 Bf6 56. Ke3 Kg7 57. Rd7+ Kf8 58. Kd3 Ke8 59.
Rb7 Kf8 60. Kc4 Kg8 61. Kd5 Bc3 62. Rb3 Ba1 63. Ke6 Bd4 64. Rd3 Bb2 65. g4 hxg4
66. h5 Kg7 67. hxg6 Kxg6 68. Rd5 Bf6 69. Rxf5 Bh4 70. Ra5 Bf6 71. Ra8 g3 72.
f5+ 1-0